000
00330nam a2200145Ia 4500
100
_a
Norton/ Peter ;Jourdain R.
942
_c
BK
654
_a
C
245
_a
The hard disk comparsion C
260
_b
Prentice Hall of India
_a
New Delhi
_c
1989
082
_a
621.3819533
_b
NOR
300
_a
394
546
_a
ENGLISH
999
_c
28152
_d
28152